000 00432nam a2200157Ia 4500
008 100122s9999 xx 000 0 und d
082 _b63376
_a827
100 _aकलंदर
245 _aआणखी कानोकानी
260 _c2003
300 _a168
630 _aआणखी कानोकानी
700 _aजैन अशोक
730 _aआणखी कानोकानी
942 _cBOOK
999 _c437372
_d437369